000
00242nam a2200109 4500
008
180802b xxu||||| |||| 00| 0 eng d
082
_a
813.52
245
_a
Jesus Christ superstar
_c
AAD
260
_c
1970
300
_a
2
_f
CD
942
_2
ddc
_c
MX
999
_c
46722
_d
46722